Bienvenue à la Médiathèque de Saint-Andiol
banniere
Accueil Recherche avancée Mon compte
handi1 Rechercher dans le catalogue

Filtre   Mots-clés
  Recherche avancée
 
Lister les dernières nouveautés
 
Lister les livres GROS CARACTERES
 
Lister les périodiques (magazines)

handi1 prisonnière d'Antésalem (La)

Book Cover
Auteur principal : Bruno Gazzotti
Autres auteurs : Fabien Vehlmann
Titre : prisonnière d'Antésalem (La)
Support : Livres
Langue : Francais
Publié : DL 2026 Rue de Sèvres [Paris]
Series : Seuls : cycle 4
Genre : Bande Dessinée (enfants)
Collection : Seuls
Sujets :
Étiquettes :
Pas de tags
LEADER 01465nam0a2200229 450
001 16868379
010 |a 978-2-8102-0616-2  |b rel.  |d 13,5 € 
100 |a 20260529d2026 u u0frey01 ba 
101 0 |a fre 
102 |a FR 
200 0 |a prisonnière d'Antésalem (La)  |f Gazzotti, Vehlmann 
207 1 |a   
210 |a [Paris]  |c Rue de Sèvres  |d DL 2026 
215 |a 1 vol. (48 p.)  |c ill. en coul.  |d 30 cm 
225 1 |a Seuls  |v 16 
330 |a Les Cinq ne sont pas revenus indemnes de leur expédition sur l'île au bord du monde mais ils savent désormais où Jezabel est retenue captive. Parti libérer la mystérieuse prisonnière en compagnie du Maître-Fou, Dodji découvre les ruines d'Antésalem, vestiges de la précédente guerre : éloigné de son camp, il ignore que Saul a déployé ses forces et se tient prêt à frapper. Convaincu d'oeuvrer pour le Bien, le jeune Imperator a activé de nouveaux Protecteurs et s'est doté d'une arme implacable : les Séraphins, une milice d'enfants-soldats d'une fidélité absolue, prêts à se sacrifier pour lui. Grisé par la puissance de ses pouvoirs, Saul lance une attaque sans pitié : la Nouvelle Guerre des Limbes a commencé. 
461 0 |t Seuls : cycle 4  |v 16 
700 0 |a Gazzotti  |b Bruno  |f 1970-....  |4 70 
701 0 |a Vehlmann  |b Fabien  |f 1972-....  |4 70 
900 |a Bande Dessinée (enfants) 
901 |a Jeunesse 
995 |a Médiathèque  |c Médiathèque  |f 089021939  |h 089021939  |k BD SEU 16  |o p  |q j  |r az  |e Médiathèque